| 000 | 00759nam a2200241 a 4500 | ||
|---|---|---|---|
| 001 | 24495 | ||
| 003 | CO-ViMGA | ||
| 008 | 141112s2004 ck r 000 u spa d | ||
| 020 | _a9789589959510 | ||
| 040 |
_aCO-ViMGA _bspa _cCO-ViMGA |
||
| 041 | _aSPA | ||
| 090 | _aP COL17 | ||
| 245 | 1 | 0 |
_aColombia en la poesía colombiana : _blos poemas cuentan la historia / _cJoaquín Mattos Omar...[et.al] |
| 250 | _a1a ed. | ||
| 260 |
_aBogotá : _bLetra a Letra, _c2011 |
||
| 300 | _a491 p. | ||
| 650 | 1 | 4 |
_aAUTORES COLOMBIANOS _932 |
| 650 | 1 | 4 |
_aCOLOMBIA - HISTORIA - POESIA _915277 |
| 650 | 1 | 4 | _aLITERATURA COLOMBIANA - COLECCIONES DE ESCRITOS |
| 650 | 1 | 4 |
_aPOESIA - COLOMBIA - HISTORIA _936407 |
| 650 | 1 | 4 | _aPOESIA COLOMBIANA - COLECCIONES |
| 942 |
_2ddc _cBK |
||
| 999 |
_c2219 _d2219 |
||